000 00777nam a2200229 u 4500
005 20230331063526.0
008 181002s2016 mx r 000 0 spa d
020 _a9786078356713
035 _aUPN01000226977
049 _aCG
050 4 _aLB1719 M6
_bE9.6
245 0 0 _aExperiencias educativas :
_by estrategias innovadoras para estudiantes formadores /
_ccoord. Carmen Silva Peña Vargas.
260 _aMéxico :
_bUniversidad de Colima,
_c2016.
300 _a282 p. :
_bcuadros, tablas, gráfs., il.
650 4 _aMaestros
_xFormación profesional
_zMéxico
_9796
650 7 _aEstrategias educativas
_2
_91510
650 4 _aInnovaciones educativas
_9386
700 1 _aPeña Vargas, Carmen Silvia,
_ecoord.
905 _aLibro
999 _c199073
_d199073